| 000 | 00399nam a2200157Ia 4500 | ||
|---|---|---|---|
| 008 | 210716s2003 xx 000 0 und d | ||
| 020 | _a8178666421 | ||
| 041 | _aeng | ||
| 082 | _a657.046 ARUM | ||
| 100 | _aArulanandam, M A;Raman, K S. | ||
| 245 | _aAdvanced accountancy. | ||
| 250 | _a1 | ||
| 260 |
_aMumbai _bHimalaya Publishing House _c2003 |
||
| 300 | _axii,683 | ||
| 650 | _aCost Accounting | ||
| 999 |
_c197857 _d197857 |
||